000 00553nam a2200193 ar4500
001 4292
005 20221127090915.0
008 150805s su a 00010 eng d
020 _c9789960581156(pbk)
082 0 4 _a658
_bK526 2007
100 1 _aKhader, Jameel Ahmad.
245 1 0 _aConcepts of business management /
_cJameel Khader.
250 _a1st ed.
260 _aAl Ahsa, Saudi Arabia :
_bKifah P. Press,
_c2007.
300 _axix, 341 p. :
_bill. ;
_c24 cm.
504 _aIncludes bibl. references.
650 4 _aBusiness.
650 4 _aManagement.
999 _c4290
_d4290